000 00785nam a22002657a 4500
001 BR9606128
003 BR-BrBNA
005 20230928095256.0
007 ta
008 230509b bl.||||| |||| 00| 0 por d
040 _aBR-BrBNA
_bpor
_cBiblioteca Nacional de Agricultura
041 _a(Por)
072 _aF01
_b2480
090 _ 2480 BR9606128
100 1 _aAviles, D.P.
110 1 _aEmpresa de Assistencia Tecnica e Extensao Rural, Porto Velho, RO (Brasil)
_94066
245 1 _aManual de sangria da seringueira; sangria; tratamento de painel; uso de estimulantes
260 3 _aPorto Velho, RO (Brasil):
_c1995.
300 _a23 p.
500 _a6 ref.; 34 illus.
650 _aSeringueira
650 _aSangria
909 _a202309
_bLucia
_c55
_dLucia Elande
942 _cBK
999 _c55592
_d55592